Páginas de historia económica de México : (Record no. 66335)

MARC details
000 -LEADER
fixed length control field 00711cac a2200181 a 4500
008 - FIXED-LENGTH DATA ELEMENTS--GENERAL INFORMATION
fixed length control field 041112s1976 mx 000 0 spa u
050 00 - LIBRARY OF CONGRESS CALL NUMBER
Classification number HD4875 .M4
Item number C37 1976
100 1# - MAIN ENTRY--PERSONAL NAME
Personal name Chávez Orozco, Luis
245 10 - TITLE STATEMENT
Title Páginas de historia económica de México :
Remainder of title [Condiciones del trabajo durante la colonia y principios del siglo XX] /
Statement of responsibility, etc Luis Chávez Orozco.
250 ## - EDITION STATEMENT
Edition statement 2a ed.
260 ## - PUBLICATION, DISTRIBUTION, ETC. (IMPRINT)
Place of publication, distribution, etc México :
Name of publisher, distributor, etc Centro de Estudios Históricos del Movimiento Obrero Mexicano,
Date of publication, distribution, etc 1976.
300 ## - PHYSICAL DESCRIPTION
Extent 83 p. ;
Dimensions 17 cm.
440 #0 - SERIES STATEMENT/ADDED ENTRY--TITLE
Title Cuadernos obreros ;
Volume number/sequential designation 7
650 #0 - SUBJECT ADDED ENTRY--TOPICAL TERM
Topical term or geographic name as entry element Trabajo y trabajadores
Geographic subdivision México
General subdivision Historia
651 #4 - SUBJECT ADDED ENTRY--GEOGRAPHIC NAME
Geographic name México
General subdivision Historia
Chronological subdivision Dominación española, 1517-1821
942 ## - ADDED ENTRY ELEMENTS (KOHA)
Source of classification or shelving scheme Biblioteca del Cogreso de los Estados Unidos
Koha item type Libro
Holdings
Estado de pérdida Fuente de clasificación Estado del daño No para préstamo Ubicación permanente Ubicación actual Apartado o colección Fecha de adquisición Edición Dependencia de educación superior (DES) Área del conocimiento Clasificación Código de Barras Date last seen Número de copia Tipo de recurso
  Biblioteca del Cogreso de los Estados Unidos     Biblioteca del Instituto de Investigaciones Históricas Biblioteca del Instituto de Investigaciones Históricas General 22/08/2018 2a ed. Humanidades Ciencias Sociales y Administrativas HD4875 .M4 C37 1976 IIH000025158 22/08/2018 C:1 Libro